000
00229nam a2200097Ia 4500
001
641772
005
20250826153514.0
008
250824s9999 xx 000 0 und d
245
0
_a
HAVLAYAN HARFLER
_c
MEHMET ATİLLA
260
_b
TUDEM
999
_c
641772
_d
641772